000 00478 a2200181 4500
020 _a8121903408
024 _a9788121903400
082 _a352.14
090 _c1074
_d1074
100 _aBhagwan, Vishnoo.
245 _aPublic Administration
_cVishnoo Bhagwan
_hVidya Bhushgan
260 _aNew Delhi
_bS. Chand & Company LTD.
_c1998
300 _a814
500 _aPaper Cover
600 _aBhagwan, Vishnoo.
700 _aBhagwan, Vishnoo.
942 _aNBS
_cBK
_k352.14 BHA
999 _c343608
_d343608